Stock market efficiency, insider dealing and market abuse / (Record no. 363780)
[ view plain ]
| 000 -LEADER | |
|---|---|
| fixed length control field | 00481nam a2200145Ia 4500 |
| 008 - FIXED-LENGTH DATA ELEMENTS--GENERAL INFORMATION | |
| fixed length control field | 200626s9999 xx 000 0 und d |
| 020 ## - INTERNATIONAL STANDARD BOOK NUMBER | |
| International Standard Book Number | 978-0-566-088490 |
| 100 ## - MAIN ENTRY--PERSONAL NAME | |
| Personal name | Barnes, Paul |
| 245 ## - TITLE STATEMENT | |
| Statement of responsibility, etc | Paul Barnes |
| Title | Stock market efficiency, insider dealing and market abuse / |
| 260 ## - PUBLICATION, DISTRIBUTION, ETC. (IMPRINT) | |
| Place of publication, distribution, etc | Farnham, England ; Burlington, VT : |
| Name of publisher, distributor, etc | Gower Publishing Ltd. |
| Date of publication, distribution, etc | 2009 |
| 300 ## - PHYSICAL DESCRIPTION | |
| Extent | xi, 209 pages |
| 500 ## - GENERAL NOTE | |
| General note | Includes index. |
| 650 ## - SUBJECT ADDED ENTRY--TOPICAL TERM | |
| Topical term or geographic name as entry element | Efficient market theory. |
| 650 ## - SUBJECT ADDED ENTRY--TOPICAL TERM | |
| Topical term or geographic name as entry element | Securities fraud. |
| Withdrawn status | Lost status | Damaged status | Home library | Current library | Shelving location | Date acquired | Total Checkouts | Full call number | Barcode | Date last seen | Price effective from | Koha item type |
|---|---|---|---|---|---|---|---|---|---|---|---|---|
| Southville International School Affiliated with Foreign Universities Library | Southville International School Affiliated with Foreign Universities Library | Southville Foreign University Section | 06/26/2020 | HG 4915 .B261 2009 | SFU0799 | 06/26/2020 | 06/26/2020 | Books |